Guess the Mystery Song from the Lyrics #2 - Statistics

General Stats
  • This quiz has been taken 17 times
  • The average score is 92 of 224
Answer Stats
Lyrics % Correct
a
100%
I
100%
the
100%
The
100%
an
92%
and
85%
And
85%
in
85%
to
85%
We
85%
we
85%
You
85%
you
85%
be
77%
it
77%
No
77%
no
77%
On
69%
don't
62%
like
62%
what
62%
where
62%
go
54%
have
54%
not
54%
are
46%
at
46%
even
46%
one
46%
That
46%
were
46%
will
46%
With
46%
with
46%
care
38%
end
38%
just
38%
know
38%
now
38%
of
38%
right
38%
should
38%
these
38%
up
38%
all
31%
down
31%
ever
31%
knew
31%
never
31%
off
31%
see
31%
around
23%
live
23%
than
23%
time
23%
as
15%
As
15%
better
15%
city
15%
feel
15%
meet
15%
need
15%
street
15%
there's
15%
They're
15%
we'd
15%
1979
8%
1979 - The Smashing Pumpkins
8%
blues
8%
bug
8%
Cool
8%
dawn
8%
headlights
8%
June
8%
kids
8%
lights
8%
made
8%
our
8%
pointed
8%
shake
8%
Shakedown
8%
skipping
8%
stone
8%
sure
8%
thought
8%
wire
8%
zipper
8%
absorbed
0%
apologies
0%
assured
0%
below
0%
Beneath
0%
bones
0%
bored
0%
cement
0%
cross
0%
Double
0%
dues
0%
dust
0%
Earth
0%
fake
0%
Faster
0%
Forgotten
0%
freaks
0%
ghouls
0%
guess
0%
guilts
0%
heats
0%
hope
0%
Hung
0%
Justine
0%
Lamented
0%
land
0%
Morphine
0%
poured
0%
pull
0%
rest
0%
restless
0%
rules
0%
slipping
0%
sound
0%
speed
0%
store
0%
thousand
0%
towns
0%
urgency
0%
vacant
0%
No matching quizzes found
Score Distribution
Percent of People with Each Score
Percentile by Number Answered
Your Score History
You have not taken this quiz